Miasta z największą liczbą ludności w Ukrainie - Statystyki

Ogólne statystyki
  • Ten quiz został rozwiązany 152 razy
  • Średni wynik to 7 z 10
Statystyki odpowiedzi
Miejsce Miasto Ludność % Poprawnych
1 Kijów 2 797 553
99%
7 Lwów 717 803
96%
2 Charków 1 430 885
94%
4 Donieck 1 024 700
91%
5 Odessa 1 001 558
90%
3 Dniepr 1 032 822
74%
6 Zaporoże 796 217
59%
10 Mariupol 481 626
47%
8 Krzywy Róg 652 380
45%
9 Mikołajów 510 840
31%
Nie znaleziono quizów pasujących do podanych kryteriów
Rozkład punktacji
Procent ludzi z każdym wynikiem
Percentyl według liczby udzielonych odpowiedzi
Twoja historia wyników
Nie rozwiązałeś tego quizu